| 000 | 00382nam a22001577a 4500 | ||
|---|---|---|---|
| 020 | _a978-1-292-44596-0 | ||
| 082 | _a658.1599 | ||
| 100 | _aEiteman, David K. | ||
| 245 | _aMultinational Business Finance | ||
| 250 | _a16th | ||
| 260 |
_aHarlow: _bPearson, _c2024 |
||
| 300 | _a594p.: ill.; 26cm | ||
| 700 | _aStonehill, Arthur I. | ||
| 700 | _aMoffett, Michael H. | ||
| 942 | _cBK | ||
| 999 |
_c22133 _d22133 |
||